000 01030nam a2200361 a 4500
003 AR-BaBNM
005 20251128205858.0
008 082120s2002 ||||||||||||||000 | spa||
020 _a84-281-0904-4
040 _cAR-BaBNM
245 0 0 _aDidáctica de la lengua y literatura
250 _a1ª ed.
260 _aBarcelona
_bOikos-tau
_c1997
300 _a554 p.
490 0 _aPráctica en educación
_vv. 2
650 4 _aLIBROS DE TEXTO
650 4 _aTECNICAS DIDACTICAS
653 _aENSEÑANZA DE LA LITERATURA
653 _aCOMPRENSION LECTORA
653 _aEDUCACION SECUNDARIA
700 1 _aSerrano, Joaquín
_ecoordinador
700 1 _aMartínez, José Enrique
_ecoordinador
700 1 _aAbascal, María Dolores
700 1 _aCantón, Isabel
700 1 _aCasanova, María Antonia
700 1 _aGutiérrez, Salvador
700 1 _aLomas, Carlos
700 1 _aReyzábal, María Victoria
700 1 _aZayas, Felipe
800 1 _aCantón Mayo, Isabel
_edirector
942 _cBK
998 _cMARTIN
999 _c13121
_d13121